000 00426nam a2200181Ia 4500
001 20665
005 20260306172822.0
008 260306t2007||||xx |||||||||||||| ||spa||
041 _aESP
082 _a343.6
_bG78 V. 1
100 _aHauriou, Maurice
_eAUT
245 0 _aDerecho administrativo y derecho público
260 _c2007
300 _a
_c28 cm.
650 _aGEN
654 _aCDE
942 _cLIB
_dJUS
_fJUS
_2ddc
_n
999 _c20665
_d20665